| 000 | 00612nam a2200181 a 4500 | ||
|---|---|---|---|
| 001 | 3004 | ||
| 005 | 20140414132004.0 | ||
| 008 | 060103s19uu xx 00 eng d | ||
| 020 | _a0-439-55379-2 | ||
| 050 |
_aTR 418.4 _bR15 2004 |
||
| 100 | _aRandolph, Danette | ||
| 245 |
_aVocabulary workbook, Grade 1 : _cby Danette Randolph. _bScholastic success with . . / |
||
| 260 |
_aNew York : _bScholastic Teaching Resources, _c2004. |
||
| 300 | _a48 p. ; cm. | ||
| 650 |
_aEnglish language _xStudy and teaching _xJuvenile literature. |
||
| 650 |
_aReading _xStudy and teaching _xJuvenile literature. |
||
| 999 |
_c113140 _d113140 |
||